00818cam a22002414a 4500001001300000003000400013005001700017008004100034010001700075040001800092050002200110100002100132245005800153246004900211250002300260260005700283300002900340546001400369500010400383504003200487650004000519999001700559sa 68014866 DLC20260227112636.0840914s1968 ii a b 000 0 hino  asa 68014866  aDLCcDLCdDLC00aPK2041b.V45 19680 aVinaya Kumāra.10aHindī ke samasyā nāṭaka /c[Vinaya Kumāra].1 iTitle on t.p. verso:aHindi ke samasya natak a1. saṃskaraṇa. aIlāhābāda :bNīlābha Prakāśana,c1968. a554 p. :bill. ;c23 cm. aIn Hindi. a"Bihāra Viśvavidyālaya kī Dī. liṭa. upādhi ke nimitta svīkr̥ta śodha-prabandha." aBibliography: p. [549]-554. 0aHindi dramaxHistory and criticism. c86073d86073